[Event "GER M05-A email"]
[Site "GER email"]
[Date "2016.06.26"]
[Round "?"]
[White "Lifanov, Vasily"]
[Black "Mukherjee, Ajoy K"]
[Result "1/2-1/2"]
[WhiteElo "2437"]
[BlackElo "2453"]
[PlyCount "56"]
[EventDate "2016.??.??"]
[EventType "tourn (corr)"]
[EventRounds "15"]
[EventCountry "GER"]
[SourceTitle "Corr 2017"]
[Source "ChessBase"]
[SourceDate "2017.09.19"]
[SourceVersion "1"]
[SourceVersionDate "2017.09.19"]
[SourceQuality "1"]

1. d4 Nf6 2. c4 g6 3. Nc3 Bg7 4. e4 d6 5. Be2 0-0 6. Be3 e5 7. d5 Na6 8. Nf3 Ng4 9. Bg5 f6 10. Bh4 h5 11. Nd2 c5 12. a3 Qd7 13. h3 Nh6 14. f3 Nc7 15. Qc2 Nf7 16. Bf2 Qe8 17. 0-0-0 Bh6 18. Kb1 Bd7 19. g4 hxg4 20. fxg4 Kg7 21. Rdg1 Bf4 22. h4 Rb8 23. Be1 Rh8 24. h5 g5 25. Rh3 a6 26. Nd1 b5 27. Ne3 Nh6 28. Nb3 bxc4 1/2-1/2

[Event "GER M05-A email"]
[Site "GER email"]
[Date "2016.06.26"]
[Round "?"]
[White "Loeschnauer, Ruediger"]
[Black "Mukherjee, Ajoy K"]
[Result "1-0"]
[WhiteElo "2480"]
[BlackElo "2453"]
[PlyCount "91"]
[EventDate "2016.??.??"]
[EventType "tourn (corr)"]
[EventRounds "15"]
[EventCountry "GER"]
[SourceTitle "Corr 2020"]
[Source "ChessBase"]
[SourceDate "2019.09.30"]
[SourceVersion "1"]
[SourceVersionDate "2019.09.30"]
[SourceQuality "1"]

1. d4 Nf6 2. c4 g6 3. g3 c6 4. Nf3 d5 5. b3 Bg7 6. Bg2 0-0 7. 0-0 dxc4 8. bxc4 c5 9. Bb2 Qb6 10. Qb3 Nfd7 11. Nc3 Nc6 12. Nd5 Qxb3 13. axb3 Rb8 14. e3 a5 15. Ne5 Ndxe5 16. dxe5 Rd8 17. f4 h5 18. Bc3 b6 19. h3 Bf5 20. Rf2 Rd7 21. Rd2 Nb4 22. Kh2 Kh8 23. Bf3 Bc2 24. Bxb4 Bxb3 25. Rb1 cxb4 26. Rxb3 e6 27. Ra2 exd5 28. cxd5 Bf8 29. Rd3 Rdd8 30. g4 Rbc8 31. Kg3 hxg4 32. hxg4 Rc3 33. Rxc3 bxc3 34. d6 b5 35. Bc6 Rb8 36. Bd5 Kg8 37. Kf3 a4 38. Ke2 b4 39. Rxa4 b3 40. Bxb3 Rxb3 41. Kd3 Rb8 42. g5 Rc8 43. Kc2 Kg7 44. e4 Kg8 45. Ra5 Rd8 46. Rd5 1-0

[Event "GER M05-A email"]
[Site "GER email"]
[Date "2016.06.26"]
[Round "?"]
[White "Mukherjee, Ajoy K"]
[Black "Bastos, Paulo Rubio Leite"]
[Result "1/2-1/2"]
[WhiteElo "2453"]
[BlackElo "2460"]
[PlyCount "94"]
[EventDate "2016.??.??"]
[EventType "tourn (corr)"]
[EventRounds "15"]
[EventCountry "GER"]
[SourceTitle "Corr 2017"]
[Source "ChessBase"]
[SourceDate "2017.09.19"]
[SourceVersion "1"]
[SourceVersionDate "2017.09.19"]
[SourceQuality "1"]

1. Nf3 Nf6 2. c4 g6 3. Nc3 Bg7 4. e4 d6 5. d4 0-0 6. Be2 e5 7. 0-0 Nc6 8. d5 Ne7 9. Ne1 Nd7 10. Be3 f5 11. f3 f4 12. Bf2 g5 13. Rc1 Ng6 14. c5 Nxc5 15. b4 Na6 16. Nd3 h5 17. Nb5 b6 18. Be1 Bf6 19. Nf2 Qd7 20. Rc3 Bb7 21. Bd2 Rfc8 22. Ra3 Kg7 23. Qb1 c6 24. dxc6 Bxc6 25. Nxd6 Qxd6 26. Bxa6 Rc7 27. Rd1 Qe7 28. Rc3 Ba4 29. Rxc7 Qxc7 30. Rc1 Qd6 31. Be1 Rd8 32. Qb2 Bd7 33. h3 Be8 34. Be2 Nf8 35. Bc4 Ng6 36. Bb3 Ne7 37. Bc3 Nc6 38. Ba4 Qe7 39. a3 Nd4 40. Bxe8 Qxe8 41. Rd1 Rc8 42. Bxd4 exd4 43. Qe2 Rc3 44. Nd3 Rxa3 45. h4 Qf7 46. hxg5 Bxg5 47. Nc1 Bf6 1/2-1/2

[Event "GER M05-A email"]
[Site "GER email"]
[Date "2016.06.26"]
[Round "?"]
[White "Mukherjee, Ajoy K"]
[Black "Laurenc, Petr"]
[Result "1/2-1/2"]
[WhiteElo "2453"]
[BlackElo "2426"]
[PlyCount "90"]
[EventDate "2016.??.??"]
[EventType "tourn (corr)"]
[EventRounds "15"]
[EventCountry "GER"]
[SourceTitle "Corr 2020"]
[Source "ChessBase"]
[SourceDate "2019.09.30"]
[SourceVersion "1"]
[SourceVersionDate "2019.09.30"]
[SourceQuality "1"]

1. Nf3 Nf6 2. c4 e6 3. g3 d5 4. Bg2 d4 5. 0-0 c5 6. e3 Nc6 7. exd4 cxd4 8. d3 Bd6 9. Na3 0-0 10. Nc2 e5 11. b4 a6 12. c5 Bb8 13. Bg5 h6 14. Bxf6 Qxf6 15. Nd2 Bf5 16. Ne4 Qd8 17. a4 Be6 18. Re1 f5 19. Nd2 Qd7 20. b5 axb5 21. axb5 Rxa1 22. Qxa1 Ne7 23. Nf3 Ng6 24. b6 f4 25. Nd2 Kh8 26. Na3 Qc8 27. Nac4 Bxc4 28. Nxc4 f3 29. Bf1 Qxc5 30. Bh3 Qe7 31. Qa5 Nf4 32. Bf1 Qg5 33. Re4 Kh7 34. h4 Qf6 35. Nxe5 Ne2+ 36. Kh2 Rd8 37. Bh3 Nc3 38. Nd7 Rxd7 39. Bxd7 Nxe4 40. Qf5+ Qxf5 41. Bxf5+ Kh8 42. Bxe4 Bd6 43. Kh3 Bc5 44. h5 Kg8 45. Bxb7 Bxb6 1/2-1/2